Missing Word: 'T' US History Quiz Stats

 Plays Quiz Updated Aug 27, 2016

Challenge
Share
Tweet
Embed
Score 0/30 Timer 03:00
1 Play Today
Hint Answer % Correct
Harry S. ____ - PresidentTruman
98.5%
____ Roosevelt - PresidentTheodore
97.4%
Mark ____ - writerTwain
97.1%
____ Edison - inventorThomas
95.9%
Salem Witch ____ - 1692-1693Trials
95.8%
Oregon ____ - pioneer wagon routeTrail
94.6%
Harriet ____ - abolitionistTubman
92.5%
____ Offensive - 1968Tet
82%
No ____ without representation - 1760s sloganTaxation
81.9%
Henry David ____ - writerThoreau
81.3%
Nikola ____ - inventorTesla
81.1%
William H. ____ - PresidentTaft
78%
Sojourner ____ - abolitionistTruth
77.7%
____ Marshall - Supreme Court justiceThurgood
74.4%
____ Morrison - writerToni
73.9%
Hint Answer % Correct
Trail of ____ - 1838-1839Tears
73.3%
____ Mary - disease-carrying cookTyphoid
71.2%
____ Leary - psychedelic drug experimentalistTimothy
70%
Nat ____'s Rebellion - 1831Turner
68%
Tippecanoe and ____ Too - 1840 election sloganTyler
64.7%
____ Dome Scandal - 1921-1924Teapot
62%
____ Railroad - first completed in 1869Transcontinental
57.5%
Sea of ____ - moon landing siteTranquility
55.3%
____ Airmen - African-American WWII pilotsTuskegee
53.4%
William ____ Sherman - Union generalTecumseh
46.4%
____ Hall - New York political machineTammany
45%
____ of Guadalupe Hidalgo - 1848Treaty
41.4%
Woman's Christian ____ Union - founded 1870sTemperance
41.1%
Zimmerman ____ - precipitated US entry into WWITelegram
27.5%
Ida ____ - muckrakerTarbell
15.2%

Today's Daily Dose

You're not logged in!

Compare scores with friends on all Sporcle quizzes.
OR
Log In

You Might Also Like...

Show Comments

Extras

Top Quizzes Today


Score Distribution

Your Account Isn't Verified!

In order to create a playlist on Sporcle, you need to verify the email address you used during registration. Go to your Sporcle Settings to finish the process.

Report this User

Report this user for behavior that violates our Community Guidelines.

Details: